[Event "SLO-ch U20"]
[Site "Celje"]
[Date "2004.01.11"]
[Round "2"]
[White "Kokol, Peter"]
[Black "Kralj, Blaz"]
[Result "1-0"]
[WhiteElo "2051"]
[BlackElo "1500"]
[PlyCount "37"]
[EventDate "2004.01.10"]
[EventType "swiss"]
[EventRounds "7"]
[EventCountry "SLO"]
[SourceTitle "CBM 098 Extra"]
[Source "ChessBase"]
[SourceDate "2004.03.10"]
[SourceVersion "2"]
[SourceVersionDate "2004.03.10"]
[SourceQuality "1"]

1. e4 e5 2. Nc3 Nf6 3. Bc4 Nc6 4. d3 Bc5 5. f4 0-0 6. Nf3 d6 7. Na4 b6 8. Nxc5 bxc5 9. 0-0 Nd4 10. fxe5 Nxf3+ 11. Qxf3 dxe5 12. Bg5 Qd4+ 13. Kh1 Bg4 14. Qg3 Nxe4 15. dxe4 Qxc4 16. Qxg4 Qxc2 17. Bf6 g6 18. Qg5 Qxe4 19. Qh6 1-0

[Event "SLO-ch U20"]
[Site "Celje"]
[Date "2004.01.11"]
[Round "3"]
[White "Kralj, Blaz"]
[Black "Malic, Zeljko"]
[Result "0-1"]
[WhiteElo "1500"]
[BlackElo "1575"]
[PlyCount "74"]
[EventDate "2004.01.10"]
[EventType "swiss"]
[EventRounds "7"]
[EventCountry "SLO"]
[SourceTitle "CBM 098 Extra"]
[Source "ChessBase"]
[SourceDate "2004.03.10"]
[SourceVersion "2"]
[SourceVersionDate "2004.03.10"]
[SourceQuality "1"]

1. e4 c5 2. Nf3 d6 3. Nc3 Nf6 4. Bc4 Nc6 5. Ng5 Ne5 6. Bb3 c4 7. Ba4+ Bd7 8. Bxd7+ Qxd7 9. 0-0 g6 10. d4 cxd3 11. cxd3 Bg7 12. Qb3 0-0 13. d4 Nc6 14. Be3 Ng4 15. h3 h6 16. Nf3 Nxe3 17. fxe3 Rac8 18. Qa4 a6 19. d5 Ne5 20. Qb4 Nd3 21. Qb3 Nc5 22. Qb4 Bxc3 23. bxc3 Qa4 24. Qxa4 Nxa4 25. Rfc1 Nxc3 26. Nd2 Ne2+ 27. Kf2 Rxc1 28. Rxc1 Nxc1 29. a4 e6 30. Nc4 exd5 31. exd5 Rd8 32. Kf3 b5 33. axb5 axb5 34. Nb6 b4 35. Na4 Ra8 36. Nb2 b3 37. g4 Ra2 0-1